[Event "Open Oberwart  2001"]
[Site "Oberwart (Burgenland/Austria)"]
[Date "2001.07.08"]
[Round "2"]
[White "Karall, Lorenz"]
[Black "Kamaryt, Thomas"]
[Result "1-0"]
[WhiteElo "2095"]
[BlackElo "2142"]
[PlyCount "83"]
[EventDate "2001.07.08"]

1. d4 d5 2. c4 e6 3. Nc3 c6 4. Nf3 f5 5. Qb3 Bd6 6. g3 Nf6 7. Bg2 O-O 8. O-O
Kh8 9. cxd5 exd5 10. Bg5 h6 11. Bd2 Ne4 12. Rad1 Qe7 13. e3 Nd7 14. Bc1 Ndf6
15. Nh4 Kh7 16. f4 Be6 17. Bh3 g6 18. Nf3 g5 19. Ne5 g4 20. Bg2 Kg7 21. Ne2 h5
22. h3 gxh3 23. Bxh3 Ng4 24. Bxg4 hxg4 25. Kg2 Kf6 26. Rh1 Rh8 27. Rh4 Rxh4 28.
gxh4 Rh8 29. Rh1 Qg7 30. Ng3 Nxg3 31. Kxg3 Bxe5 32. dxe5+ Kg6 33. Qa3 a6 34.
Qd6 Qf7 35. Bd2 Kh5 36. a4 Re8 37. Bb4 Rc8 38. Bc5 Rc7 39. b4 Rd7 40. Qb8 Qg7
41. Qe8+ { } 41... Qf7 42. Qh8+ 1-0

[Event "Open Oberwart  2001"]
[Site "Oberwart (Burgenland/Austria)"]
[Date "2001.07.09"]
[Round "3"]
[White "Eingorn, Vereslav"]
[Black "Kupreichik, Viktor"]
[Result "1-0"]
[WhiteElo "2598"]
[BlackElo "2443"]
[PlyCount "47"]
[EventDate "2001.07.09"]

1. Nf3 d5 2. d4 c6 3. c4 Nf6 4. cxd5 cxd5 5. Nc3 Nc6 6. Bf4 e6 7. e3 Bd6 8. Bd3
Bxf4 9. exf4 Qd6 10. Qd2 a6 11. O-O b5 12. Rfe1 O-O 13. Ne5 Bd7 14. Rad1 Rfc8
15. Bb1 g6 16. Ne2 Be8 17. Ng3 Rc7 18. f5 exf5 19. Bxf5 Rd8 20. Bb1 { } 20...
Nd7 21. Nf5 gxf5 22. Nxc6 Ra8 23. Ne7+ Kh8 24. Qg5 1-0

[Event "Open Oberwart  2001"]
[Site "Oberwart (Burgenland/Austria)"]
[Date "2001.07.09"]
[Round "3"]
[White "Horvath, Peter"]
[Black "Burmakin, Vladimir"]
[Result "1/2-1/2"]
[WhiteElo "2441"]
[BlackElo "2593"]
[PlyCount "76"]
[EventDate "2001.07.09"]

1. d4 d5 2. c4 c6 3. Nf3 Nf6 4. Nc3 a6 5. c5 Nbd7 6. h3 Qc7 7. Bg5 h6 8. Bxf6
Nxf6 9. e3 Bf5 10. Bd3 Bxd3 11. Qxd3 e6 12. O-O Nd7 13. e4 dxe4 14. Nxe4 Be7
15. b4 O-O 16. Rfe1 Rfd8 17. Qc4 Nf6 18. Ng3 b5 19. cxb6 Qxb6 20. Rab1 Bd6 21.
Ne5 Bxe5 22. dxe5 Rd4 23. Qc2 Nd5 24. a3 Nf4 25. Ne2 Nxe2+ 26. Rxe2 Rad8 27.
Rc1 a5 28. Qxc6 Qxc6 29. Rxc6 axb4 30. axb4 Rxb4 31. Rc7 g5 32. Re3 Rf4 33. g3
Rf5 34. Rc2 h5 35. Kg2 Rd4 36. Rce2 g4 37. hxg4 hxg4 38. Re4 38... Rxe4 {.}
1/2-1/2

[Event "Open Oberwart  2001"]
[Site "Oberwart (Burgenland/Austria)"]
[Date "2001.07.09"]
[Round "3"]
[White "Gleizerov, Evgeny"]
[Black "Medvegy, Zoltan"]
[Result "1-0"]
[WhiteElo "2587"]
[BlackElo "2430"]
[PlyCount "85"]
[EventDate "2001.07.09"]

1. d4 Nf6 2. c4 e6 3. g3 d5 4. Nf3 dxc4 5. Bg2 c5 6. O-O Nc6 7. dxc5 Qxd1 8.
Rxd1 Bxc5 9. Nbd2 c3 10. bxc3 Bd7 11. Ng5 Be7 12. Nde4 Nxe4 13. Bxe4 Bxg5 14.
Bxg5 f6 15. Be3 O-O-O 16. Rab1 e5 17. Rd2 b6 18. c4 Ne7 19. c5 b5 20. c6 Bf5
21. Bxf5+ Nxf5 22. Rxd8+ Rxd8 23. Bxa7 Kc7 24. Rxb5 Kxc6 25. Rb6+ Kc7 26. Rb2
Ra8 27. Bc5 Kc6 28. Rc2 Kd5 29. a3 Nd4 30. Bxd4 exd4 31. Rc7 g5 32. Rxh7 Rxa3
33. Re7 Kd6 34. Re8 f5 35. Kg2 g4 36. h3 gxh3+ 37. Kxh3 { } 37... Kd7 38. Re5
Kd6 39. f4 Ra2 40. Kh4 Rb2 41. Kg5 Rb3 42. Kxf5 Rxg3 43. Ke4 1-0

[Event "Open Oberwart  2001"]
[Site "Oberwart (Burgenland/Austria)"]
[Date "2001.07.09"]
[Round "3"]
[White "Weiss, Christian"]
[Black "Ulibin, Mikhail"]
[Result "1/2-1/2"]
[WhiteElo "2403"]
[BlackElo "2583"]
[Annotator "FRITZ 6"]
[PlyCount "103"]
[EventDate "2001.07.09"]

1. d4 d5 2. c4 c6 3. Nc3 Nf6 4. Nf3 dxc4 5. a4 Bg4 6. Ne5 Bh5 7. f3 Nfd7 8.
Nxc4 Qc7 9. g3 f6 10. e4 e5 11. dxe5 fxe5 12. Be3 Bb4 13. Be2 a5 14. O-O O-O
15. f4 Bxe2 16. Qxe2 Na6 17. fxe5 Bc5 18. e6 Bxe3+ 19. Nxe3 Ne5 20. Nf5 g6 21.
Nh6+ Kg7 22. Nf7 { } 22... Nc5 23. Qf2 Rxf7 24. exf7 Qe7 25. Rad1 Ne6 26. Kg2
Rf8 27. Ne2 Rxf7 28. Nf4 Nf8 29. Qd4 Nfd7 30. Nd3 Rxf1 31. Rxf1 c5 32. Qc3 b6
33. Nxe5 Nxe5 34. Rd1 Kg8 35. Qb3+ Nf7 36. Qd5 Kg7 37. b3 h5 38. Rf1 Ne5 39. h3
Nf7 40. e5 Nxe5 41. Re1 Kf6 42. g4 hxg4 43. hxg4 43... g5 { } 44. Qe4 (44. Qa8
Qe6 45. Qh8+) 44... Qe6 45. Rf1+ Ke7 46. Rf5 Nf7 47. Qxe6+ Kxe6 48. Kf1 Ke7 49.
Ke2 Ke6 50. Kd1 Ke7 51. Kc2 Ke6 52. Kb1 1/2-1/2

[Event "Open Oberwart  2001"]
[Site "Oberwart (Burgenland/Austria)"]
[Date "2001.07.09"]
[Round "3"]
[White "Freitag, Manfred"]
[Black "Palac, Mladen"]
[Result "0-1"]
[WhiteElo "2384"]
[BlackElo "2578"]
[PlyCount "84"]
[EventDate "2001.07.09"]

1. d4 Nf6 2. c4 e6 3. Nc3 Bb4 4. Qc2 c5 5. dxc5 O-O 6. a3 Bxc5 7. Nf3 b6 8. Bg5
h6 9. Bh4 Bb7 10. e3 Be7 11. Be2 d6 12. O-O a6 13. Rfd1 Qc7 14. Rac1 Nbd7 15.
Qb1 Rac8 16. Nd2 Rfe8 17. Bg3 Red8 18. h3 Qb8 19. b4 Qa8 20. Bf1 d5 21. cxd5
Nxd5 22. Nxd5 Bxd5 23. Nc4 23... b5 { } 24. Nd6 Rxc1 25. Qxc1 Nf6 26. e4 Bxd6
27. Bxd6 Rxd6 28. exd5 Nxd5 29. Qc5 Rc6 30. Qd4 Qc8 31. g3 Rc1 32. Kh2 Rxd1 33.
Qxd1 Qc3 34. Qd3 f5 35. Kg1 Kf7 36. Qxc3 Nxc3 37. Bd3 g5 38. Kf1 Kf6 39. Ke1
Ke5 40. Kd2 Kd4 41. Kc2 h5 42. h4 g4 0-1

[Event "Open Oberwart  2001"]
[Site "Oberwart (Burgenland/Austria)"]
[Date "2001.07.09"]
[Round "3"]
[White "Ruck, Robert"]
[Black "Balinov, Ilia"]
[Result "1/2-1/2"]
[WhiteElo "2573"]
[BlackElo "2425"]
[PlyCount "180"]
[EventDate "2001.07.09"]

1. Nf3 Nf6 2. c4 g6 3. g3 c6 4. d4 d5 5. Nbd2 Bg7 6. Bg2 O-O 7. O-O Ne4 8. e3
Nxd2 9. Nxd2 dxc4 10. Nxc4 Be6 11. Qe2 Bd5 12. Rd1 Bxg2 13. Kxg2 Nd7 14. Bd2
Rc8 15. Ba5 b6 16. Bb4 c5 17. dxc5 Qc7 18. Rac1 Qb7+ 19. Qf3 Qxf3+ 20. Kxf3
Nxc5 21. b3 f5 22. Ke2 Rc7 23. Na3 Rfc8 24. Nb5 Rb7 25. Rc2 Kf7 26. Rdc1 a6 27.
Na3 Rbc7 28. Bxc5 Rxc5 29. Rxc5 Rxc5 30. Rxc5 bxc5 31. Kd3 Ke6 32. Kc4 Kd6 33.
Nb1 e6 34. Nd2 Bh6 35. Kd3 e5 36. f3 Bg5 37. Nc4+ Ke6 38. e4 Bc1 39. Kc2 Bh6
40. Kc3 Bc1 41. Kd3 h5 42. h3 Bh6 43. Nb6 Kd6 44. Nd5 Bg5 45. Kc4 fxe4 46. fxe4
Bd2 47. Kd3 Be1 48. g4 hxg4 49. hxg4 Bf2 50. Nf6 Bh4 51. Nd5 Bf2 52. Nb6 Bg1
53. Nc4+ Ke6 54. Nd2 Bf2 55. Nf3 Kd6 56. Ke2 Bg3 57. Nd2 Bf4 58. Nc4+ Ke6 59.
Na5 Kd6 60. Kd3 Bg5 61. Nc4+ Ke6 62. Nb2 Kd6 63. Kc4 Bc1 64. Nd3 Be3 65. a4 Bd4
66. b4 cxb4 67. Nxb4 a5 68. Nd5 Bf2 69. Kb5 Be1 70. Ne3 Ke6 71. Nc4 Kf6 72.
Nxa5 Kg5 73. Nc6 Kf4 74. Nb4 Kxe4 75. a5 Bf2 76. a6 Ba7 77. Nc6 Bg1 78. Ne7 Kf3
79. Nc8 e4 80. Nb6 e3 81. a7 e2 82. a8=Q+ Kf2 83. Qa2 Kf1 84. Qc4 Kf2 85. Qf4+
Kg2 86. Qe4+ Kf2 87. Qxg6 e1=Q 88. Qf5+ Kg3 89. Nd5 Qe2+ 90. Kb4 90... Qxg4+ {.
} 1/2-1/2

[Event "Open Oberwart  2001"]
[Site "Oberwart (Burgenland/Austria)"]
[Date "2001.07.09"]
[Round "3"]
[White "Zelcic, Robert"]
[Black "Dobrov, Vladimir"]
[Result "1-0"]
[WhiteElo "2534"]
[BlackElo "2409"]
[PlyCount "67"]
[EventDate "2001.07.09"]

1. e4 c6 2. d4 d5 3. Nc3 dxe4 4. Nxe4 Nd7 5. Bd3 Ngf6 6. Ng5 e6 7. N1f3 Bd6 8.
Qe2 h6 9. Ne4 Nxe4 10. Qxe4 Qc7 11. Bd2 b6 12. c4 Bb7 13. Qg4 g5 14. Bc3 Nf6
15. Qh3 g4 16. Qh4 gxf3 17. Qxf6 fxg2 18. Rg1 Rg8 19. Be4 Bxh2 20. Rxg2 Rxg2
21. Bxg2 Qf4 22. Qh8+ Ke7 23. Qg7 Bg1 24. Ke2 Qxf2+ 25. Kd3 { } 25... b5 26.
Bb4+ Kd7 27. Rxg1 a5 28. Bd2 bxc4+ 29. Kc2 c3 30. bxc3 Ba6 31. Be4 Rb8 32. Qg2
Qxg2 33. Rxg2 Bc4 34. a3 1-0

[Event "Open Oberwart  2001"]
[Site "Oberwart (Burgenland/Austria)"]
[Date "2001.07.09"]
[Round "3"]
[White "Lalic, Bogdan"]
[Black "Kovacs, Gabor"]
[Result "1/2-1/2"]
[WhiteElo "2528"]
[BlackElo "2402"]
[PlyCount "33"]
[EventDate "2001.07.09"]

1. d4 Nf6 2. c4 e6 3. Nf3 b6 4. Nc3 Bb4 5. Qb3 c5 6. Bg5 Bb7 7. O-O-O Bxc3 8.
bxc3 cxd4 9. cxd4 d5 10. cxd5 Bxd5 11. Qa3 Qe7 12. Qxe7+ Kxe7 13. Kb2 h6 14.
Bh4 Nc6 15. e3 g5 16. Bg3 Ne4 17. Bd3 {.} 1/2-1/2

[Event "Open Oberwart  2001"]
[Site "Oberwart (Burgenland/Austria)"]
[Date "2001.07.09"]
[Round "3"]
[White "Zsinka, Laszlo"]
[Black "Loginov, Valery"]
[Result "1/2-1/2"]
[WhiteElo "2348"]
[BlackElo "2507"]
[PlyCount "102"]
[EventDate "2001.07.09"]

1. d4 Nf6 2. c4 e6 3. Nc3 Bb4 4. e3 O-O 5. Bd3 d5 6. Nf3 c5 7. O-O Nc6 8. a3
Bxc3 9. bxc3 Qc7 10. cxd5 exd5 11. a4 Re8 12. Ba3 c4 13. Bc2 Ne4 14. Bxe4 Rxe4
15. Nd2 Rh4 16. f4 Bf5 17. Qf3 Bd3 18. Qxd5 Rd8 19. Qg5 Rh6 20. Rfe1 f5 21. e4
fxe4 22. Nxe4 Rg6 23. Qh4 Qa5 24. Qh3 Rh6 25. Qf3 Re6 26. Ng5 Nxd4 27. Qxb7
Ne2+ 28. Kh1 Ree8 29. Qf7+ Kh8 30. Ne6 Qxc3 31. Nxd8 Rxd8 32. Bd6 Qf6 33. Qxf6
gxf6 34. Be7 Rc8 35. Bxf6+ Kg8 36. Rxe2 Bxe2 37. Rc1 Kf7 38. Bc3 Rd8 39. Kg1
Rd1+ 40. Rxd1 Bxd1 41. a5 a6 42. Kf2 Ke6 43. Ke3 Kf5 44. Bd2 Ba4 45. Kd4 Bc6
46. g3 Bb5 47. Bc3 h5 48. Kd5 h4 49. Be5 hxg3 50. hxg3 c3 51. Bxc3 51... Be2 {.
} 1/2-1/2

[Event "Open Oberwart  2001"]
[Site "Oberwart (Burgenland/Austria)"]
[Date "2001.07.09"]
[Round "3"]
[White "Farago, Ivan"]
[Black "Kiss, Attila"]
[Result "1-0"]
[WhiteElo "2504"]
[BlackElo "2361"]
[PlyCount "83"]
[EventDate "2001.07.09"]

1. d4 Nf6 2. c4 e6 3. Nf3 b6 4. a3 Bb7 5. Nc3 d5 6. cxd5 Nxd5 7. Qc2 Nxc3 8.
bxc3 c5 9. e4 Nd7 10. Bf4 cxd4 11. cxd4 Rc8 12. Qb3 Be7 13. Bd3 Nf6 14. Qb5+
Bc6 15. Qb1 O-O 16. O-O Nh5 17. Bd2 Ba4 18. Qe1 Nf6 19. Bc3 Qc7 20. Bb2 Bc2 21.
Ba6 Bxe4 22. Rc1 Qb8 23. Rxc8 Rxc8 24. Bxc8 Qxc8 25. Ne5 Bd6 26. Qc3 Qe8 27. d5
Bxd5 28. Ng4 Nh5 29. Ne3 Bc6 30. Rd1 Bf8 31. Qe5 f5 32. Qc7 Ba4 33. Rd8 Qf7 34.
Qxf7+ Kxf7 35. Ra8 a5 36. Nc4 Bc5 37. Nxa5 { } 37... bxa5 38. Rxa5 Bxf2+ 39.
Kxf2 Bc6 40. Rc5 Bd5 41. Be5 g5 42. a4 1-0

[Event "Open Oberwart  2001"]
[Site "Oberwart (Burgenland/Austria)"]
[Date "2001.07.09"]
[Round "3"]
[White "Zimmerman, Yuri"]
[Black "Golubovic, Boris"]
[Result "1-0"]
[WhiteElo "2346"]
[BlackElo "2465"]
[PlyCount "119"]
[EventDate "2001.07.09"]

1. d4 d5 2. c4 dxc4 3. Nf3 Nf6 4. e3 Bg4 5. Bxc4 e6 6. h3 Bh5 7. g4 Bg6 8. Ne5
Nbd7 9. Nxg6 hxg6 10. Qf3 Nb6 11. Be2 Bb4+ 12. Nc3 Qd5 13. Bd2 Bxc3 14. Bxc3
Ne4 15. O-O O-O-O 16. Kg2 f5 17. Bb4 a5 18. Ba3 Nc4 19. Bxc4 Qxc4 20. Qf4 Qb5
21. Rfc1 Rd7 22. Rc2 Re8 23. Rac1 e5 24. dxe5 Rxe5 25. gxf5 gxf5 26. Qh4 b6 27.
f3 Nf6 28. Bd6 Nd5 29. Bxe5 Nxe3+ 30. Kf2 Nxc2 31. Rxc2 Qxe5 32. Qg3 Qd4+ 33.
Kg2 Qd3 34. Qf2 Kb7 35. Qe2 Qd5 36. a3 g5 37. Kh2 Qd6+ 38. Kg2 Qf4 39. Qf2 { }
39... g4 40. fxg4 Qe4+ 41. Qf3 Qxf3+ 42. Kxf3 fxg4+ 43. hxg4 Rf7+ 44. Kg3 c5
45. g5 Kc6 46. Kg4 Rf1 47. g6 Kd6 48. Re2 b5 49. Kh5 Rh1+ 50. Kg5 Rg1+ 51. Kh6
Rh1+ 52. Kg7 Rg1 53. Kf7 c4 54. Re6+ Kd5 55. Ra6 Rf1+ 56. Rf6 Rg1 57. g7 Rxg7+
58. Kxg7 b4 59. Rf5+ Kd4 60. Rxa5 1-0

[Event "Open Oberwart  2001"]
[Site "Oberwart (Burgenland/Austria)"]
[Date "2001.07.09"]
[Round "3"]
[White "Fucak, Emilijo"]
[Black "Fercec, Nenad"]
[Result "1/2-1/2"]
[WhiteElo "2341"]
[BlackElo "2456"]
[PlyCount "26"]
[EventDate "2001.07.09"]

1. e4 e5 2. Nf3 Nc6 3. Bb5 a6 4. Ba4 Nf6 5. O-O Be7 6. Re1 b5 7. Bb3 d6 8. c3
O-O 9. h3 Na5 10. Bc2 c5 11. d4 Qc7 12. Nbd2 Nc6 13. Nf1 13... Bb7 {.} 1/2-1/2

[Event "Open Oberwart  2001"]
[Site "Oberwart (Burgenland/Austria)"]
[Date "2001.07.09"]
[Round "3"]
[White "Krivoshey, Sergei"]
[Black "Vodep, Otto"]
[Result "1-0"]
[WhiteElo "2449"]
[BlackElo "2121"]
[PlyCount "43"]
[EventDate "2001.07.09"]

1. Nf3 d5 2. d4 e6 3. c4 Be7 4. Nc3 Nf6 5. Bg5 h6 6. Bxf6 Bxf6 7. e3 O-O 8. Qb3
dxc4 9. Bxc4 Nc6 10. Bd3 b6 11. Rd1 Bb7 12. Bb1 g6 13. Ne4 Na5 14. Qc2 Bg7 15.
h4 Rc8 16. h5 f5 17. Ng3 g5 18. b4 Nc6 19. Qb3 Kh8 20. Qxe6 Ne7 21. Ne5 21...
Rf6 { } 22. Qxf6 1-0

[Event "Open Oberwart  2001"]
[Site "Oberwart (Burgenland/Austria)"]
[Date "2001.07.09"]
[Round "3"]
[White "Noordhoek, Henk P"]
[Black "Stanec, Nikolaus"]
[Result "0-1"]
[WhiteElo "2122"]
[BlackElo "2530"]
[PlyCount "42"]
[EventDate "2001.07.09"]

1. e4 c5 2. Nf3 g6 3. c3 Bg7 4. d4 cxd4 5. Nxd4 d6 6. Be2 Nf6 7. Nd2 O-O 8. O-O
b6 9. Re1 e5 10. Nc2 Bb7 11. Bf3 Qc7 12. Ne3 Nbd7 13. Ng4 Nxg4 14. Bxg4 Nc5 15.
Qc2 d5 16. exd5 f5 17. Bf3 e4 18. Be2 Bxd5 19. b3 Be5 20. h3 e3 21. fxe3 21...
Bh2+ { } 0-1

[Event "Open Oberwart  2001"]
[Site "Oberwart (Burgenland/Austria)"]
[Date "2001.07.09"]
[Round "3"]
[White "Danner, Georg"]
[Black "Gagarin, Vasilij"]
[Result "0-1"]
[WhiteElo "2421"]
[BlackElo "2431"]
[PlyCount "94"]
[EventDate "2001.07.09"]

1. d4 d5 2. Nf3 Nf6 3. c4 c6 4. e3 Bf5 5. cxd5 cxd5 6. Qb3 Qc7 7. Bb5+ Nc6 8.
Bd2 e6 9. Bb4 Bd6 10. Qa3 Ne4 11. Nc3 O-O 12. Bxc6 Qxc6 13. Rc1 Bxb4 14. Qxb4
a5 15. Qb5 Rfc8 16. Qxc6 Rxc6 17. Ne5 Rc7 18. g4 Bg6 19. f3 Nd6 20. Nxg6 hxg6
21. Ke2 Rac8 22. a4 Kf8 23. Rc2 Ke8 24. h4 Kd7 25. Kd3 Nc4 26. Rhc1 f5 27. Ne2
e5 28. gxf5 gxf5 29. Nc3 e4+ 30. Ke2 Nb6 31. Rg1 Ke8 32. Rg5 Rf7 33. Rd2 33...
Nc4 { } 34. Rd1 Nxb2 35. Rb1 Rxc3 36. Rxb2 Ra3 37. Rb5 Rxa4 38. Rxd5 Ra2+ 39.
Kf1 a4 40. Re5+ Kd8 41. Rg2 Rxg2 42. Kxg2 Rf6 43. Rb5 Kc7 44. d5 Ra6 45. d6+
Kxd6 46. Rxb7 a3 47. Rxg7 Ra8 0-1

[Event "Open Oberwart  2001"]
[Site "Oberwart (Burgenland/Austria)"]
[Date "2001.07.09"]
[Round "3"]
[White "Wallner, Joachim"]
[Black "Steinert, Martin"]
[Result "1-0"]
[WhiteElo "2369"]
[BlackElo "2115"]
[PlyCount "59"]
[EventDate "2001.07.09"]

1. d4 d6 2. e4 g6 3. Nc3 Bg7 4. Be3 c6 5. Qd2 Nd7 6. f4 b5 7. Bd3 Nb6 8. Nf3
Bg4 9. O-O a6 10. Qf2 Bxf3 11. Qxf3 Nf6 12. f5 O-O 13. g4 Nfd7 14. Ne2 Rc8 15.
c3 c5 16. Qh3 cxd4 17. cxd4 Nc4 18. Bxc4 Rxc4 19. Bh6 Rc2 20. Bxg7 Kxg7 21. Nf4
Qb6 22. Rad1 Nf6 23. g5 Ng8 24. Nd5 24... Qd8 { } 25. Nxe7 Nxe7 26. Qh6+ Kh8
27. f6 Rg8 28. Rf4 Nf5 29. exf5 gxf5 30. Rh4 1-0

[Event "Open Oberwart  2001"]
[Site "Oberwart (Burgenland/Austria)"]
[Date "2001.07.09"]
[Round "3"]
[White "Krenek, Markus"]
[Black "Mahdy, Khaled"]
[Result "0-1"]
[WhiteElo "2104"]
[BlackElo "2348"]
[PlyCount "55"]
[EventDate "2001.07.09"]

1. c4 Nf6 2. Nc3 c5 3. g3 g6 4. Bg2 Bg7 5. e4 Nc6 6. Nge2 d6 7. O-O O-O 8. d3
a6 9. Rb1 Ne8 10. a3 Nc7 11. b4 Ne6 12. Be3 Rb8 13. Qd2 Bd7 14. Nd5 Ned4 15.
Nxd4 Nxd4 16. h3 e6 17. Nc3 b5 18. Ne2 bxc4 19. dxc4 e5 20. Kh1 20... Qc8 { }
21. Bxd4 cxd4 22. Kh2 Qxc4 23. Rfc1 Qb5 24. Bf1 Qb7 25. Bg2 Rfc8 26. Qd3 Bh6
27. Rc2 Bb5 28. Rxc8+ 0-1

[Event "Open Oberwart  2001"]
[Site "Oberwart (Burgenland/Austria)"]
[Date "2001.07.09"]
[Round "3"]
[White "Frehen, Werner"]
[Black "Steiner, Bruno"]
[Result "0-1"]
[WhiteElo "2071"]
[BlackElo "2206"]
[PlyCount "58"]
[EventDate "2001.07.09"]

1. e4 e5 2. Nf3 Nc6 3. Bb5 a6 4. Bxc6 dxc6 5. O-O f6 6. d4 exd4 7. Nxd4 c5 8.
Nb3 Qxd1 9. Rxd1 Bd7 10. Be3 b6 11. Nc3 O-O-O 12. f3 Ne7 13. Nd5 a5 14. Nc1
Nxd5 15. Rxd5 Be7 16. Ne2 Be6 17. Rxd8+ Rxd8 18. Nc3 Kb7 19. b3 c4 20. Rd1
Rxd1+ 21. Nxd1 cxb3 22. axb3 b5 23. Nc3 Ka6 24. Kf1 Bb4 25. Nd5 Bxd5 26. exd5
a4 27. bxa4 bxa4 28. c4 a3 29. Bd4 29... Bd6 {.} 0-1

[Event "Open Oberwart  2001"]
[Site "Oberwart (Burgenland/Austria)"]
[Date "2001.07.09"]
[Round "3"]
[White "Zaynard, Andreas"]
[Black "Petrovic, Silvije"]
[Result "0-1"]
[WhiteElo "2045"]
[BlackElo "2175"]
[PlyCount "46"]
[EventDate "2001.07.09"]

1. e4 c5 2. Nf3 a6 3. d3 d6 4. g3 Nf6 5. Bg2 e6 6. O-O Nc6 7. Re1 Be7 8. c3 O-O
9. d4 cxd4 10. cxd4 d5 11. exd5 Nxd5 12. Nbd2 Bd7 13. Ne4 Qb6 14. Ne5 Rad8 15.
Be3 Nxe3 16. fxe3 Nxe5 17. dxe5 Qxb2 18. Qh5 Bc6 19. Reb1 Qa3 20. Rb3 Qa5 21.
Rf1 g6 22. Qg4 Qxe5 23. h4 23... f5 {.} 0-1

[Event "Open Oberwart  2001"]
[Site "Oberwart (Burgenland/Austria)"]
[Date "2001.07.09"]
[Round "3"]
[White "Winiwarter, Felix"]
[Black "Wiater, Michael"]
[Result "1-0"]
[WhiteElo "2141"]
[BlackElo "2033"]
[PlyCount "99"]
[EventDate "2001.07.09"]

1. d4 d5 2. Nf3 Nf6 3. c4 e6 4. Nc3 c6 5. e3 Nbd7 6. Bd3 Bd6 7. O-O O-O 8. e4
dxe4 9. Nxe4 Nxe4 10. Bxe4 Nf6 11. Bc2 Re8 12. Qd3 g6 13. Bg5 Be7 14. Rad1 Nh5
15. Qe3 Bxg5 16. Nxg5 Nf6 17. Nf3 b6 18. Rfe1 Bb7 19. Qh6 Ng4 20. Qf4 Nf6 21.
Re3 Qe7 22. Ne5 Nh5 23. Qf3 f5 24. d5 cxd5 25. cxd5 Rad8 26. Bb3 Nf6 27. Nc6
Bxc6 28. dxc6 Rxd1+ 29. Qxd1 Qc7 30. Rxe6 Rxe6 31. Bxe6+ Kf8 32. b4 b5 33. Qd4
Ke7 34. Bb3 Qxc6 35. Qxa7+ Kd6 36. Qb8+ Kd7 37. h3 Qc1+ 38. Kh2 Qc6 39. Qe5 Kd8
40. f4 Kd7 41. Qd4+ Kc7 42. a3 Kb7 43. Bd1 Kc7 44. Be2 Ne4 45. Qa7+ Kc8 46.
Qxh7 Qc3 47. Qg8+ Kb7 48. Qf7+ Kc8 49. Qxg6 Qe3 50. Qxf5+ {.} 1-0

[Event "Open Oberwart  2001"]
[Site "Oberwart (Burgenland/Austria)"]
[Date "2001.07.09"]
[Round "3"]
[White "Hofbauer, Peter"]
[Black "Mohsen, Khaled"]
[Result "0-1"]
[WhiteElo "2071"]
[BlackElo "2355"]
[PlyCount "146"]
[EventDate "2001.07.09"]

1. e4 g6 2. d4 Bg7 3. Be3 d6 4. Nf3 Nf6 5. Bd3 O-O 6. O-O Nbd7 7. Nc3 c5 8. e5
Ng4 9. e6 fxe6 10. Ng5 Ndf6 11. dxc5 Nxe3 12. fxe3 d5 13. e4 Qc7 14. Kh1 h6 15.
Nf3 Qxc5 16. e5 Ng4 17. Qe2 Bd7 18. Rae1 d4 19. Nd1 Nxe5 20. Nxe5 Rxf1+ 21.
Rxf1 Qxe5 22. Qxe5 Bxe5 23. Bxg6 Rc8 24. Re1 Bf6 25. Nf2 Rc5 26. Bd3 Bh4 27. g3
Bg5 28. h4 Bf6 29. Kh2 b5 30. b4 Rc3 31. Ne4 Ra3 32. Nc5 Be8 33. Kh3 Rxa2 34.
g4 e5 35. g5 hxg5 36. hxg5 Bg7 37. Kg4 Bf7 38. Rh1 Bf8 39. Bh7+ Kg7 40. Be4 Rb2
41. Rh7+ Kg8 42. g6 Ba2 43. Bf5 Rxb4 44. Kh5 Rb1 45. Kg4 Bd5 46. Be6+ Bxe6+ 47.
Nxe6 Rf1 48. Rh5 Bg7 49. Rh7 Bf8 50. Rh5 Rf6 51. Rxe5 Rxg6+ 52. Kf5 Rh6 53. Ke4
a6 54. Kxd4 Rh2 55. Rc5 Kf7 56. Ng5+ Kg6 57. Nf3 Bg7+ 58. Ke4 Re2+ 59. Kd3 Re6
60. Nh4+ Kf7 61. Nf3 Ke8 62. Rc7 Rd6+ 63. Ke4 Kd8 64. Ra7 Bf6 65. Nh2 Kc8 66.
Ra8+ Kb7 67. Re8 a5 68. Ng4 a4 69. Nxf6 exf6 70. Kf5 a3 71. Re7+ Kb6 72. Re3 b4
73. Rb3 73... a2 {.} 0-1

[Event "Open Oberwart  2001"]
[Site "Oberwart (Burgenland/Austria)"]
[Date "2001.07.09"]
[Round "3"]
[White "Wegerer, Fred"]
[Black "Foldi, Istvan"]
[Result "0-1"]
[WhiteElo "2230"]
[BlackElo "2341"]
[PlyCount "90"]
[EventDate "2001.07.09"]

1. Nf3 c5 2. e3 e6 3. d4 Nf6 4. Nbd2 Be7 5. Bd3 O-O 6. O-O b6 7. Qe2 d6 8. c3
Nc6 9. a3 Bb7 10. b4 Qc7 11. Bb2 Rae8 12. Ng5 h6 13. f4 { } 13... d5 14. Nh3 c4
15. Bc2 Nd7 16. g4 g6 17. g5 hxg5 18. Qg2 f5 19. Nxg5 Bxg5 20. Qxg5 Kg7 21. Rf3
Qd8 22. Qg2 Rh8 23. Rg3 Rh6 24. Nf3 Reh8 25. Kf2 Nf6 26. Rg1 Ng4+ 27. Rxg4 fxg4
28. Qxg4 Qf6 29. h4 Ne7 30. Rh1 Nf5 31. Bxf5 Qxf5 32. Qxf5 gxf5 33. Kg3 Bc6 34.
Ng5 Kf6 35. Bc1 Ba4 36. Bd2 Bc2 37. Be1 Be4 38. Rh2 a5 39. bxa5 bxa5 40. Kh3
Rb8 41. Bg3 Rb3 42. h5 Rxc3 43. Re2 Rxh5+ 44. Bh4 Kg6 45. a4 Rc1 0-1

[Event "Open Oberwart  2001"]
[Site "Oberwart (Burgenland/Austria)"]
[Date "2001.07.09"]
[Round "3"]
[White "Nepveu, Manuel"]
[Black "Lakos, Nikoletta"]
[Result "0-1"]
[WhiteElo "2099"]
[BlackElo "2339"]
[PlyCount "76"]
[EventDate "2001.07.09"]

1. d4 Nf6 2. c4 g6 3. Nc3 Bg7 4. e4 O-O 5. Be2 c6 6. Nf3 d6 7. Bg5 h6 8. Be3 a6
9. a4 a5 10. O-O Na6 11. h3 Nb4 12. Qd2 Kh7 13. Rad1 d5 14. cxd5 cxd5 15. e5
Ne4 16. Nxe4 dxe4 17. Ne1 Be6 18. Rc1 Nd5 19. f3 exf3 20. Nxf3 Qb6 21. Bf2 Qb4
22. Bb5 Qxd2 23. Nxd2 h5 24. Rc5 b6 25. Rc4 Bh6 26. Ne4 Ne3 27. Rc7 Nxf1 28.
Kxf1 Bd5 29. Nc3 e6 30. Nxd5 exd5 31. Bd7 Kg8 32. Ke2 Bg5 33. Bg3 h4 34. Bh2
Rad8 35. e6 fxe6 36. Bxe6+ Kh8 37. Kd3 37... Bf4 { } 38. Bg1 Bxc7 0-1

[Event "Open Oberwart  2001"]
[Site "Oberwart (Burgenland/Austria)"]
[Date "2001.07.09"]
[Round "3"]
[White "Dueckstein, Andreas"]
[Black "Sepetavc, Walter"]
[Result "1-0"]
[WhiteElo "2316"]
[BlackElo "2059"]
[PlyCount "37"]
[EventDate "2001.07.09"]

1. e4 c5 2. Nf3 Nc6 3. Bb5 g6 4. O-O Bg7 5. c3 Nf6 6. Qe2 O-O 7. d4 cxd4 8.
cxd4 d5 9. e5 Ne8 10. h3 Nc7 11. Bd3 Ne6 12. Be3 Qb6 13. Qd2 Nb4 14. Be2 Bd7
15. Nc3 { } 15... Bc6 16. a3 Na6 17. b4 Nac7 18. b5 Bxb5 19. Rab1 1-0

[Event "Open Oberwart  2001"]
[Site "Oberwart (Burgenland/Austria)"]
[Date "2001.07.10"]
[Round "4"]
[White "Zelcic, Robert"]
[Black "Eingorn, Vereslav"]
[Result "1-0"]
[WhiteElo "2534"]
[BlackElo "2598"]
[PlyCount "113"]
[EventDate "2001.07.10"]

1. e4 c5 2. Nf3 g6 3. d4 Bg7 4. Nc3 cxd4 5. Nxd4 Nc6 6. Nb3 Nf6 7. Be2 O-O 8.
O-O d6 9. Bg5 a6 10. a4 Be6 11. Kh1 Nd7 12. Nd2 Nd4 13. Bc4 Rc8 14. Bd5 Nc6 15.
Nc4 Nb6 16. Bxe6 fxe6 17. Qg4 Kh8 18. Ne3 Nd4 19. Rad1 Nd7 20. Qh4 Rf7 21. Ng4
b5 22. axb5 axb5 23. Nh6 Bxh6 24. Qxh6 b4 25. Rxd4 bxc3 26. b3 Qb6 27. Be3 Qb5
28. Re1 { } 28... Qh5 29. Qxh5 gxh5 30. Ra1 Ne5 31. h3 Ng6 32. Rda4 Rff8 33.
Ra5 e5 34. b4 Kg7 35. b5 Nf4 36. Ra7 Kf7 37. b6 Ne6 38. Rd7 Rfd8 39. Rxd8 Rxd8
40. Ra3 Rb8 41. Rxc3 Nd4 42. Bxd4 exd4 43. Rb3 Ke6 44. Kg1 Kd7 45. Kf1 Kc6 46.
Ke2 Kb7 47. h4 Rc8 48. Kd2 Rg8 49. g3 Rf8 50. Ke2 Rc8 51. Kd3 e5 52. f4 Rf8 53.
f5 Rc8 54. c3 dxc3 55. Rxc3 Ra8 56. Kc4 Ra5 57. f6 1-0

[Event "Open Oberwart  2001"]
[Site "Oberwart (Burgenland/Austria)"]
[Date "2001.07.10"]
[Round "4"]
[White "Farago, Ivan"]
[Black "Gleizerov, Evgeny"]
[Result "1/2-1/2"]
[WhiteElo "2504"]
[BlackElo "2587"]
[PlyCount "25"]
[EventDate "2001.07.10"]

1. d4 e6 2. c4 f5 3. Nf3 Nf6 4. g3 d5 5. Bg2 c6 6. O-O Bd6 7. b3 Qe7 8. Qc2 O-O
9. Ne5 Ne4 10. Bb2 b6 11. e3 Bb7 12. f3 Nf6 13. Nd2 {.} 1/2-1/2